[Event "European Chess Club Cup 2023"]
[Site "Durres, Albania"]
[Date "2023.10.01"]
[Round "1.61"]
[White "Kilpatrick, Callum"]
[Black "Suleymanli, Aydin"]
[Result "0-1"]
[TimeControl "90' + 30' & 30\""]
[WhiteElo "2400"]
[BlackElo "2588"]

1. e4 {[%clk 01:30:56]} {[%emt 00:00:03]} e5 {[%clk 01:30:47]} {[%emt
00:00:14]} 2. Nf3 {[%clk 01:31:09]} {[%emt 00:00:19]} Nc6 {[%clk 01:31:10]}
{[%emt 00:00:07]} 3. Bc4 {[%clk 01:31:00]} {[%emt 00:00:37]} Nf6 {[%clk
01:31:21]} {[%emt 00:00:19]} 4. d3 {[%clk 01:31:08]} {[%emt 00:00:22]} Bc5
{[%clk 01:31:42]} {[%emt 00:00:10]} 5. c3 {[%clk 01:31:07]} {[%emt 00:00:30]}
d6 {[%clk 01:31:30]} {[%emt 00:00:43]} 6. O-O {[%clk 01:28:03]} {[%emt
00:03:33]} O-O {[%clk 01:31:49]} {[%emt 00:00:11]} 7. a4 {[%clk 01:20:52]}
{[%emt 00:07:42]} a5 {[%clk 01:32:00]} {[%emt 00:00:18]} 8. Bg5 {[%clk
01:20:41]} {[%emt 00:00:40]} h6 {[%clk 01:31:29]} {[%emt 00:01:02]} 9. Bh4
{[%clk 01:20:51]} {[%emt 00:00:20]} g5 {[%clk 01:30:17]} {[%emt 00:01:42]} 10.
Bg3 {[%clk 01:19:17]} {[%emt 00:02:04]} Bg4 {[%clk 01:21:17]} {[%emt 00:09:29]}
11. Nbd2 {[%clk 01:04:31]} {[%emt 00:15:17]} Kh8 {[%clk 01:06:29]} {[%emt
00:15:17]} 12. h3 {[%clk 00:48:49]} {[%emt 00:16:13]} Bh5 {[%clk 01:06:49]}
{[%emt 00:00:10]} 13. Re1 {[%clk 00:44:50]} {[%emt 00:04:28]} g4 {[%clk
01:03:28]} {[%emt 00:03:51]} 14. hxg4 {[%clk 00:42:11]} {[%emt 00:03:10]} Nxg4
{[%clk 01:02:05]} {[%emt 00:01:53]} 15. d4 {[%clk 00:38:05]} {[%emt 00:04:36]}
exd4 {[%clk 00:56:28]} {[%emt 00:06:06]} 16. Nb3 {[%clk 00:32:48]} {[%emt
00:05:48]} Nge5 {[%clk 00:47:40]} {[%emt 00:09:18]} 17. cxd4 {[%clk 00:33:01]}
{[%emt 00:00:18]} Nxf3+ {[%clk 00:47:24]} {[%emt 00:00:46]} 18. gxf3 {[%clk
00:33:24]} {[%emt 00:00:07]} Bb4 {[%clk 00:46:44]} {[%emt 00:01:10]} 19. Re3
{[%clk 00:31:39]} {[%emt 00:02:14]} f5 {[%clk 00:45:40]} {[%emt 00:01:35]} 20.
exf5 {[%clk 00:30:17]} {[%emt 00:01:52]} Rxf5 {[%clk 00:31:38]} {[%emt
00:14:31]} 21. Be6 {[%clk 00:26:33]} {[%emt 00:04:15]} Rg5 {[%clk 00:20:00]}
{[%emt 00:12:08]} 22. d5 {[%clk 00:26:08]} {[%emt 00:00:55]} Ne5 {[%clk
00:18:22]} {[%emt 00:02:08]} 23. Qd4 {[%clk 00:26:30]} {[%emt 00:00:08]} Rg7
{[%clk 00:18:35]} {[%emt 00:00:17]} 24. Qf4 {[%clk 00:17:15]} {[%emt 00:09:45]}
Qf8 {[%clk 00:12:25]} {[%emt 00:06:39]} 25. Qxh6+ {[%clk 00:07:07]} {[%emt
00:10:38]} Rh7 {[%clk 00:12:49]} {[%emt 00:00:06]} 26. Qxf8+ {[%clk 00:07:19]}
{[%emt 00:00:19]} Rxf8 {[%clk 00:13:18]} {[%emt 00:00:02]} 27. Bxe5+ {[%clk
00:06:40]} {[%emt 00:01:08]} dxe5 {[%clk 00:13:44]} {[%emt 00:00:04]} 28. Kg2
{[%clk 00:02:50]} {[%emt 00:04:20]} Rg7+ {[%clk 00:11:50]} {[%emt 00:02:23]} 29.
Bg4 {[%clk 00:03:08]} {[%emt 00:00:12]} Bxg4 {[%clk 00:12:15]} {[%emt
00:00:05]} 30. fxg4 {[%clk 00:03:33]} {[%emt 00:00:05]} Rxg4+ {[%clk 00:12:31]}
{[%emt 00:00:14]} 31. Rg3 {[%clk 00:03:45]} {[%emt 00:00:18]} Rxg3+ {[%clk
00:12:22]} {[%emt 00:00:39]} 32. fxg3 {[%clk 00:03:11]} {[%emt 00:01:04]} e4
{[%clk 00:08:40]} {[%emt 00:04:12]} 33. Rf1 {[%clk 00:03:30]} {[%emt 00:00:12]}
Rxf1 {[%clk 00:07:57]} {[%emt 00:01:13]} 34. Kxf1 {[%clk 00:03:59]} {[%emt
00:00:01]} Kg7 {[%clk 00:08:17]} {[%emt 00:00:10]} 35. Nd4 {[%clk 00:03:28]}
{[%emt 00:01:00]} Bd6 {[%clk 00:04:45]} {[%emt 00:04:03]} 36. Kf2 {[%clk
00:00:36]} {[%emt 00:03:23]} Kf6 {[%clk 00:05:05]} {[%emt 00:00:09]} 37. Nb5
{[%clk 00:00:45]} {[%emt 00:00:21]} Ke5 {[%clk 00:05:19]} {[%emt 00:00:16]} 38.
Ke3 {[%clk 00:00:37]} {[%emt 00:00:38]} Bc5+ {[%clk 00:01:25]} {[%emt
00:04:24]} 39. Ke2 {[%clk 00:00:35]} {[%emt 00:00:31]} Bd6 {[%clk 00:01:41]}
{[%emt 00:00:15]} 40. Ke3 {[%clk 00:00:34]} {[%emt 00:00:31]} Bc5+ {[%clk
00:01:10]} {[%emt 00:01:02]} 41. Ke2 {[%clk 00:23:26]} {[%emt 00:07:37]} Bb6
{[%clk 00:29:52]} {[%emt 00:01:47]} 42. g4 {[%clk 00:14:54]} {[%emt 00:09:03]}
Kxd5 {[%clk 00:26:57]} {[%emt 00:03:25]} 43. g5 {[%clk 00:14:46]} {[%emt
00:00:38]} Ke6 {[%clk 00:24:48]} {[%emt 00:02:38]} 44. g6 {[%clk 00:09:38]}
{[%emt 00:05:38]} e3 {[%clk 00:22:41]} {[%emt 00:02:38]} 45. Na3 {[%clk
00:09:35]} {[%emt 00:00:33]} Bd4 {[%clk 00:21:49]} {[%emt 00:01:21]} 46. Nc4
{[%clk 00:06:49]} {[%emt 00:03:17]} b5 {[%clk 00:19:37]} {[%emt 00:02:42]} 47.
axb5 {[%clk 00:05:01]} {[%emt 00:02:17]} a4 {[%clk 00:19:48]} {[%emt 00:00:20]}
48. g7 {[%clk 00:00:47]} {[%emt 00:04:45]} Kf7 {[%clk 00:19:50]} {[%emt
00:00:28]} 49. Nxe3 {[%clk 00:01:00]} {[%emt 00:00:16]} Bxb2 {[%clk 00:19:57]}
{[%emt 00:00:23]} 50. Kd3 {[%clk 00:00:34]} {[%emt 00:00:57]} a3 {[%clk
00:19:58]} {[%emt 00:00:28]} 51. Nc2 {[%clk 00:00:41]} {[%emt 00:00:24]} a2
{[%clk 00:20:21]} {[%emt 00:00:06]} 52. Kc4 {[%clk 00:00:47]} {[%emt 00:00:24]}
Bxg7 {[%clk 00:18:34]} {[%emt 00:02:17]} 53. Kc5 {[%clk 00:01:09]} {[%emt
00:00:09]} Ke6 {[%clk 00:16:44]} {[%emt 00:02:18]} 54. b6 {[%clk 00:01:22]}
{[%emt 00:00:18]} cxb6+ {[%clk 00:16:55]} {[%emt 00:00:19]} 55. Kxb6 {[%clk
00:01:50]} {[%emt 00:00:02]} Bf8 {[%clk 00:16:55]} {[%emt 00:00:30]} 56. Kb5
{[%clk 00:01:39]} {[%emt 00:00:42]} Kd5 {[%clk 00:17:15]} {[%emt 00:00:09]} 57.
Na1 {[%clk 00:00:33]} {[%emt 00:01:36]} Kd4 {[%clk 00:17:35]} {[%emt 00:00:10]}
58. Ka4 {[%clk 00:00:42]} {[%emt 00:00:21]} Kc3 {[%clk 00:17:59]} {[%emt
00:00:05]} 59. Nb3 {[%clk 00:00:59]} {[%emt 00:00:14]} Kb2 {[%clk 00:18:19]}
{[%emt 00:00:09]} 0-1

[Event "European Chess Club Cup 2023"]
[Site "Durres, Albania"]
[Date "2023.10.01"]
[Round "1.62"]
[White "Asadli, Vugar"]
[Black "Gallana, Marco"]
[Result "1-0"]
[TimeControl "90' + 30' & 30\""]
[WhiteElo "2563"]
[BlackElo "2293"]

1. e4 {[%clk 01:30:55]} {[%emt 00:00:04]} c5 {[%clk 01:30:48]} {[%emt
00:00:13]} 2. Nf3 {[%clk 01:31:19]} {[%emt 00:00:05]} Nc6 {[%clk 01:31:01]}
{[%emt 00:00:17]} 3. Nc3 {[%clk 01:31:41]} {[%emt 00:00:08]} e5 {[%clk
01:25:26]} {[%emt 00:06:06]} 4. Bc4 {[%clk 01:32:04]} {[%emt 00:00:07]} d6
{[%clk 01:24:35]} {[%emt 00:01:20]} 5. d3 {[%clk 01:32:14]} {[%emt 00:00:20]}
Be7 {[%clk 01:24:24]} {[%emt 00:00:43]} 6. O-O {[%clk 01:32:37]} {[%emt
00:00:13]} Nf6 {[%clk 01:23:45]} {[%emt 00:01:01]} 7. Ng5 {[%clk 01:33:02]}
{[%emt 00:00:05]} O-O {[%clk 01:22:21]} {[%emt 00:01:54]} 8. f4 {[%clk
01:33:31]} {[%emt 00:00:02]} h6 {[%clk 01:14:54]} {[%emt 00:07:57]} 9. Nf3
{[%clk 01:33:26]} {[%emt 00:00:34]} exf4 {[%clk 01:13:10]} {[%emt 00:02:15]} 10.
Bxf4 {[%clk 01:33:50]} {[%emt 00:00:06]} Bg4 {[%clk 01:12:32]} {[%emt
00:01:08]} 11. h3 {[%clk 01:28:37]} {[%emt 00:05:43]} Bh5 {[%clk 01:11:03]}
{[%emt 00:01:59]} 12. a3 {[%clk 01:24:54]} {[%emt 00:04:12]} Nd4 {[%clk
01:03:09]} {[%emt 00:08:25]} 13. g4 {[%clk 01:22:02]} {[%emt 00:03:22]} Nxf3+
{[%clk 00:56:06]} {[%emt 00:07:33]} 14. Qxf3 {[%clk 01:22:03]} {[%emt
00:00:29]} Bg6 {[%clk 00:56:27]} {[%emt 00:00:08]} 15. Qg3 {[%clk 01:16:26]}
{[%emt 00:06:08]} a6 {[%clk 00:54:29]} {[%emt 00:02:28]} 16. a4 {[%clk
01:15:54]} {[%emt 00:01:02]} Ne8 {[%clk 00:39:33]} {[%emt 00:15:25]} 17. Nd5
{[%clk 01:12:27]} {[%emt 00:03:58]} Bg5 {[%clk 00:37:34]} {[%emt 00:02:29]} 18.
a5 {[%clk 01:09:43]} {[%emt 00:03:14]} Kh7 {[%clk 00:35:13]} {[%emt 00:02:51]}
19. Bxg5 {[%clk 01:08:20]} {[%emt 00:01:52]} hxg5 {[%clk 00:34:08]} {[%emt
00:01:35]} 20. Rf2 {[%clk 01:08:45]} {[%emt 00:00:05]} Nc7 {[%clk 00:28:13]}
{[%emt 00:06:25]} 21. Nxc7 {[%clk 01:07:52]} {[%emt 00:01:23]} Qxc7 {[%clk
00:27:13]} {[%emt 00:01:30]} 22. h4 {[%clk 01:08:22]} {[%emt 00:00:02]} Kg8
{[%clk 00:18:18]} {[%emt 00:09:24]} 23. Raf1 {[%clk 01:05:04]} {[%emt
00:03:48]} Qd8 {[%clk 00:15:16]} {[%emt 00:03:32]} 24. h5 {[%clk 00:59:36]}
{[%emt 00:05:58]} Bh7 {[%clk 00:14:57]} {[%emt 00:00:49]} 25. Rxf7 {[%clk
00:59:27]} {[%emt 00:00:39]} Rxf7 {[%clk 00:10:01]} {[%emt 00:05:25]} 26. Rxf7
{[%clk 00:59:49]} {[%emt 00:00:07]} Kh8 {[%clk 00:10:23]} {[%emt 00:00:10]} 27.
h6 {[%clk 01:00:13]} {[%emt 00:00:06]} gxh6 {[%clk 00:10:34]} {[%emt 00:00:19]}
28. Qh2 {[%clk 01:00:38]} {[%emt 00:00:05]} Qxa5 {[%clk 00:10:20]} {[%emt
00:00:43]} 29. c3 {[%clk 01:00:36]} {[%emt 00:00:32]} Qa4 {[%clk 00:07:51]}
{[%emt 00:02:59]} 30. Qf2 {[%clk 01:00:47]} {[%emt 00:00:19]} 1-0

[Event "European Chess Club Cup 2023"]
[Site "Durres, Albania"]
[Date "2023.10.01"]
[Round "1.63"]
[White "Zulfic, Fedja"]
[Black "Ahmadzada, Ahmad"]
[Result "0-1"]
[TimeControl "90' + 30' & 30\""]
[WhiteElo "2151"]
[BlackElo "2494"]

1. d4 {[%clk 01:30:58]} {[%emt 00:00:01]} Nf6 {[%clk 01:30:53]} {[%emt
00:00:07]} 2. c4 {[%clk 01:31:18]} {[%emt 00:00:12]} e6 {[%clk 01:31:06]}
{[%emt 00:00:15]} 3. Nc3 {[%clk 01:31:24]} {[%emt 00:00:24]} c5 {[%clk
01:31:22]} {[%emt 00:00:14]} 4. d5 {[%clk 01:31:37]} {[%emt 00:00:17]} exd5
{[%clk 01:31:44]} {[%emt 00:00:08]} 5. cxd5 {[%clk 01:32:01]} {[%emt 00:00:06]}
d6 {[%clk 01:32:10]} {[%emt 00:00:04]} 6. e4 {[%clk 01:32:11]} {[%emt
00:00:22]} g6 {[%clk 01:32:33]} {[%emt 00:00:07]} 7. h3 {[%clk 01:32:32]}
{[%emt 00:00:07]} Bg7 {[%clk 01:32:48]} {[%emt 00:00:15]} 8. Nf3 {[%clk
01:32:57]} {[%emt 00:00:07]} O-O {[%clk 01:33:11]} {[%emt 00:00:07]} 9. Bd3
{[%clk 01:33:19]} {[%emt 00:00:08]} Re8 {[%clk 01:33:30]} {[%emt 00:00:09]} 10.
O-O {[%clk 01:33:00]} {[%emt 00:00:49]} Nbd7 {[%clk 01:33:54]} {[%emt
00:00:07]} 11. Bf4 {[%clk 01:30:34]} {[%emt 00:02:54]} c4 {[%clk 01:34:19]}
{[%emt 00:00:06]} 12. Bc2 {[%clk 01:28:06]} {[%emt 00:03:14]} Nc5 {[%clk
01:34:26]} {[%emt 00:00:07]} 13. Re1 {[%clk 01:27:32]} {[%emt 00:01:04]} b5
{[%clk 01:34:50]} {[%emt 00:00:06]} 14. e5 {[%clk 01:22:28]} {[%emt 00:05:34]}
dxe5 {[%clk 01:35:11]} {[%emt 00:00:09]} 15. Nxe5 {[%clk 01:21:40]} {[%emt
00:01:18]} Bb7 {[%clk 01:34:19]} {[%emt 00:01:22]} 16. Nc6 {[%clk 00:56:25]}
{[%emt 00:25:45]} Bxc6 {[%clk 01:20:32]} {[%emt 00:14:17]} 17. dxc6 {[%clk
00:56:49]} {[%emt 00:00:07]} Rxe1+ {[%clk 01:20:03]} 18. Qxe1 {[%clk 00:57:17]}
{[%emt 00:01:00]} Qb6 {[%clk 01:19:00]} {[%emt 00:01:32]} 19. Rd1 {[%clk
00:49:37]} {[%emt 00:08:10]} Qxc6 {[%clk 01:15:40]} {[%emt 00:03:50]} 20. Rd6
{[%clk 00:48:36]} {[%emt 00:01:32]} Qb7 {[%clk 01:14:38]} {[%emt 00:01:31]} 21.
Qe3 {[%clk 00:43:34]} {[%emt 00:05:32]} Ne6 {[%clk 01:08:19]} {[%emt 00:06:55]}
22. Be5 {[%clk 00:35:18]} {[%emt 00:08:41]} Re8 {[%clk 01:06:33]} {[%emt
00:02:16]} 23. Bxf6 {[%clk 00:19:23]} {[%emt 00:16:25]} Bxf6 {[%clk 01:06:52]}
{[%emt 00:00:11]} 24. Nd5 {[%clk 00:18:21]} {[%emt 00:01:32]} Bxb2 {[%clk
01:04:43]} {[%emt 00:02:38]} 25. Qf3 {[%clk 00:13:24]} {[%emt 00:05:27]} Qb8
{[%clk 01:01:32]} {[%emt 00:03:41]} 26. Rd7 {[%clk 00:13:34]} {[%emt 00:00:19]}
Ng5 {[%clk 01:00:26]} {[%emt 00:01:36]} 27. Qd1 {[%clk 00:13:02]} {[%emt
00:01:02]} Bg7 {[%clk 00:55:20]} {[%emt 00:05:36]} 28. Nc7 {[%clk 00:09:31]}
{[%emt 00:04:02]} Rf8 {[%clk 00:47:46]} {[%emt 00:08:04]} 29. Qd5 {[%clk
00:09:53]} {[%emt 00:00:08]} Qc8 {[%clk 00:46:10]} {[%emt 00:02:06]} 30. Nxb5
{[%clk 00:06:53]} {[%emt 00:03:30]} Re8 {[%clk 00:43:00]} {[%emt 00:03:40]} 31.
Rc7 {[%clk 00:04:57]} {[%emt 00:02:26]} Qb8 {[%clk 00:39:15]} {[%emt 00:04:15]}
32. f4 {[%clk 00:01:28]} {[%emt 00:03:59]} Ne6 {[%clk 00:38:25]} {[%emt
00:01:19]} 33. Rxc4 {[%clk 00:01:44]} {[%emt 00:00:14]} Nxf4 {[%clk 00:38:17]}
{[%emt 00:00:38]} 34. Qc5 {[%clk 00:00:34]} {[%emt 00:01:38]} Nxh3+ {[%clk
00:38:34]} {[%emt 00:00:15]} 35. gxh3 {[%clk 00:00:49]} {[%emt 00:00:16]} Qg3+
{[%clk 00:38:58]} {[%emt 00:00:06]} 0-1

[Event "European Chess Club Cup 2023"]
[Site "Durres, Albania"]
[Date "2023.10.01"]
[Round "1.64"]
[White "Samadov, Read"]
[Black "Pedersen, Carsten"]
[Result "1-0"]
[TimeControl "90' + 30' & 30\""]
[WhiteElo "2492"]
[BlackElo "2098"]

1. d4 {[%clk 01:30:55]} {[%emt 00:00:04]} d5 {[%clk 01:30:55]} {[%emt
00:00:05]} 2. c4 {[%clk 01:31:11]} {[%emt 00:00:14]} dxc4 {[%clk 01:31:19]}
{[%emt 00:00:07]} 3. e3 {[%clk 01:31:26]} {[%emt 00:00:15]} e5 {[%clk
01:31:28]} {[%emt 00:00:21]} 4. Bxc4 {[%clk 01:31:13]} {[%emt 00:00:43]} exd4
{[%clk 01:31:43]} {[%emt 00:00:14]} 5. exd4 {[%clk 01:31:27]} {[%emt 00:00:17]}
Bd6 {[%clk 01:32:03]} {[%emt 00:00:12]} 6. Nf3 {[%clk 01:31:09]} {[%emt
00:00:46]} Nf6 {[%emt 00:01:35]} 7. Qe2+ {[%clk 01:30:20]} Qe7 {[%clk
01:32:35]} {[%emt 00:00:12]} 8. Qxe7+ {[%clk 01:30:17]} {[%emt 00:00:33]} Bxe7
{[%clk 01:32:57]} {[%emt 00:00:07]} 9. O-O {[%clk 01:29:16]} {[%emt 00:01:32]}
Nbd7 {[%clk 01:13:42]} {[%emt 00:19:45]} 10. Nc3 {[%clk 01:18:46]} {[%emt
00:11:01]} c6 {[%clk 01:04:18]} {[%emt 00:09:58]} 11. Re1 {[%clk 01:14:50]}
{[%emt 00:04:22]} Nb6 {[%clk 01:01:36]} {[%emt 00:03:10]} 12. Bb3 {[%clk
01:10:01]} {[%emt 00:05:20]} Nfd5 {[%clk 00:48:38]} {[%emt 00:13:29]} 13. Bg5
{[%clk 01:02:21]} {[%emt 00:08:10]} Be6 {[%clk 00:38:06]} {[%emt 00:11:01]} 14.
Bxe7 {[%clk 00:58:10]} {[%emt 00:04:42]} Kxe7 {[%clk 00:38:33]} {[%emt
00:00:02]} 15. Ng5 {[%clk 00:57:25]} {[%emt 00:01:15]} Rad8 {[%clk 00:16:33]}
{[%emt 00:22:30]} 16. Nxe6 {[%clk 00:53:13]} {[%emt 00:04:43]} fxe6 {[%clk
00:17:00]} {[%emt 00:00:03]} 17. Ne4 {[%clk 00:51:29]} {[%emt 00:02:13]} Nd7
{[%clk 00:15:10]} {[%emt 00:02:20]} 18. Rac1 {[%clk 00:41:16]} {[%emt
00:10:43]} a6 {[%clk 00:11:08]} {[%emt 00:04:32]} 19. Bxd5 {[%clk 00:35:29]}
{[%emt 00:06:17]} cxd5 {[%clk 00:11:26]} {[%emt 00:00:11]} 20. Ng5 {[%clk
00:35:42]} {[%emt 00:00:18]} Nf8 {[%clk 00:11:27]} {[%emt 00:00:29]} 21. Rc7+
{[%clk 00:32:05]} {[%emt 00:04:06]} Rd7 {[%clk 00:11:51]} {[%emt 00:00:06]} 22.
Rc8 {[%clk 00:31:34]} {[%emt 00:01:02]} Kf6 {[%clk 00:11:02]} {[%emt 00:01:20]}
23. Rxf8+ {[%clk 00:30:04]} {[%emt 00:02:00]} Rxf8 {[%clk 00:11:02]} {[%emt
00:00:29]} 24. Nxh7+ {[%clk 00:30:28]} {[%emt 00:00:06]} Kf7 {[%clk 00:11:08]}
{[%emt 00:00:24]} 25. Nxf8 {[%clk 00:30:50]} {[%emt 00:00:09]} Kxf8 {[%clk
00:10:39]} {[%emt 00:00:59]} 26. Rxe6 {[%clk 00:31:01]} {[%emt 00:00:18]} Rc7
{[%clk 00:10:59]} {[%emt 00:00:10]} 27. g3 {[%clk 00:30:01]} {[%emt 00:01:30]}
1-0

[Event "European Chess Club Cup 2023"]
[Site "Durres, Albania"]
[Date "2023.10.01"]
[Round "1.65"]
[White "Serbanescu, Diana-Maria"]
[Black "Gadimbayli, Abdulla"]
[Result "1/2-1/2"]
[TimeControl "90' + 30' & 30\""]
[WhiteElo "1966"]
[BlackElo "2492"]

1. e4 {[%emt 00:00:23]} c5 {[%clk 01:30:40]} 2. c3 {[%clk 01:30:38]} {[%emt
00:00:50]} d5 {[%clk 01:30:18]} {[%emt 00:00:51]} 3. exd5 {[%clk 01:30:23]}
{[%emt 00:00:45]} Qxd5 {[%clk 01:30:23]} {[%emt 00:00:24]} 4. d4 {[%clk
01:29:43]} {[%emt 00:01:11]} Nf6 {[%clk 01:29:51]} {[%emt 00:01:04]} 5. Nf3
{[%clk 01:28:52]} {[%emt 00:01:19]} e6 {[%clk 01:28:47]} {[%emt 00:01:33]} 6.
Be2 {[%clk 01:21:46]} {[%emt 00:07:36]} cxd4 {[%clk 01:05:57]} {[%emt
00:23:20]} 7. cxd4 {[%clk 01:13:47]} {[%emt 00:08:29]} Bb4+ {[%clk 01:04:53]}
{[%emt 00:01:35]} 8. Bd2 {[%clk 01:12:45]} {[%emt 00:01:31]} Bxd2+ {[%clk
01:04:26]} {[%emt 00:00:57]} 9. Qxd2 {[%clk 01:12:17]} {[%emt 00:00:59]} O-O
{[%clk 01:03:41]} {[%emt 00:01:14]} 10. Nc3 {[%clk 01:08:08]} {[%emt 00:04:40]}
Qd6 {[%clk 01:01:38]} {[%emt 00:02:32]} 11. O-O {[%clk 01:02:46]} {[%emt
00:05:52]} Nc6 {[%clk 01:00:09]} {[%emt 00:01:59]} 12. Rfd1 {[%clk 00:56:57]}
{[%emt 00:06:19]} Rd8 {[%clk 00:54:34]} {[%emt 00:06:05]} 13. Rac1 {[%clk
00:47:06]} {[%emt 00:10:22]} Qe7 {[%clk 00:46:49]} {[%emt 00:08:15]} 14. Qe3
{[%clk 00:25:45]} {[%emt 00:21:50]} b6 {[%clk 00:26:56]} {[%emt 00:20:23]} 15.
Ne5 {[%clk 00:18:04]} {[%emt 00:08:11]} Bb7 {[%clk 00:26:26]} {[%emt 00:01:00]}
16. Bf3 {[%clk 00:17:17]} {[%emt 00:01:18]} Nb4 {[%clk 00:21:22]} {[%emt
00:05:34]} 17. h3 {[%clk 00:14:26]} {[%emt 00:03:20]} Rac8 {[%clk 00:18:19]}
{[%emt 00:03:33]} 18. a3 {[%clk 00:08:31]} {[%emt 00:06:26]} Nbd5 {[%clk
00:17:05]} {[%emt 00:01:44]} 19. Nxd5 {[%clk 00:08:55]} {[%emt 00:00:05]} Nxd5
{[%clk 00:15:29]} {[%emt 00:02:06]} 20. Bxd5 {[%clk 00:08:31]} {[%emt
00:00:54]} Bxd5 {[%clk 00:15:26]} {[%emt 00:00:33]} 21. Rxc8 {[%clk 00:08:31]}
{[%emt 00:00:30]} Rxc8 {[%clk 00:15:51]} {[%emt 00:00:05]} 22. Rc1 {[%clk
00:08:57]} {[%emt 00:00:04]} Rd8 {[%clk 00:10:17]} {[%emt 00:06:04]} 23. Rc3
{[%clk 00:04:03]} {[%emt 00:05:24]} Bb7 {[%clk 00:05:09]} {[%emt 00:05:39]} 24.
Qf4 {[%clk 00:03:45]} {[%emt 00:00:47]} f6 {[%clk 00:02:52]} {[%emt 00:02:47]}
25. Nc6 {[%clk 00:01:24]} {[%emt 00:02:51]} Bxc6 {[%clk 00:02:08]} {[%emt
00:01:14]} 26. Rxc6 {[%clk 00:01:50]} {[%emt 00:00:05]} Qd7 {[%clk 00:02:31]}
{[%emt 00:00:07]} 27. Qe4 {[%clk 00:01:07]} {[%emt 00:01:13]} Kf7 {[%clk
00:02:29]} {[%emt 00:00:31]} 28. b4 {[%clk 00:01:00]} {[%emt 00:00:38]} h6
{[%clk 00:00:46]} {[%emt 00:02:13]} 29. b5 {[%clk 00:01:03]} {[%emt 00:00:27]}
Qe7 {[%clk 00:00:51]} {[%emt 00:00:25]} 30. a4 {[%clk 00:01:03]} {[%emt
00:00:30]} Rd5 {[%clk 00:00:39]} {[%emt 00:00:42]} 31. Qf4 {[%clk 00:01:02]}
{[%emt 00:00:30]} Rd7 {[%clk 00:00:37]} {[%emt 00:00:32]} 32. Qg4 {[%clk
00:00:53]} {[%emt 00:00:39]} Rd5 {[%clk 00:00:35]} {[%emt 00:00:32]} 33. Qf4
{[%clk 00:01:15]} {[%emt 00:00:08]} Qd8 {[%clk 00:00:36]} {[%emt 00:00:30]} 34.
Qg4 {[%clk 00:01:06]} {[%emt 00:00:39]} Qd7 {[%clk 00:00:38]} {[%emt 00:00:28]}
35. Qg3 {[%clk 00:00:54]} {[%emt 00:00:42]} e5 {[%clk 00:00:36]} {[%emt
00:00:32]} 1/2-1/2

[Event "European Chess Club Cup 2023"]
[Site "Durres, Albania"]
[Date "2023.10.01"]
[Round "1.66"]
[White "Sadikhov, Ulvi"]
[Black "Skulte, Christopher"]
[Result "1-0"]
[TimeControl "90' + 30' & 30\""]
[WhiteElo "2492"]
[BlackElo "2078"]

1. Nf3 {[%clk 01:30:56]} {[%emt 00:00:03]} d5 {[%clk 01:30:28]} {[%emt
00:00:32]} 2. g3 {[%clk 01:31:19]} {[%emt 00:00:07]} Nf6 {[%clk 01:30:26]}
{[%emt 00:00:32]} 3. Bg2 {[%clk 01:31:43]} {[%emt 00:00:06]} Bg4 {[%clk
01:29:44]} {[%emt 00:01:12]} 4. O-O {[%clk 01:31:07]} {[%emt 00:01:06]} e6
{[%clk 01:28:50]} {[%emt 00:01:26]} 5. d3 {[%clk 01:30:47]} {[%emt 00:00:48]}
Be7 {[%clk 01:27:31]} {[%emt 00:01:48]} 6. h3 {[%clk 01:31:11]} {[%emt
00:00:07]} Bh5 {[%clk 01:27:33]} {[%emt 00:00:28]} 7. Nbd2 {[%clk 01:30:10]}
{[%emt 00:01:36]} Nbd7 {[%clk 01:19:17]} {[%emt 00:08:40]} 8. b3 {[%clk
01:28:57]} {[%emt 00:01:43]} c5 {[%clk 01:11:50]} {[%emt 00:07:58]} 9. Bb2
{[%clk 01:25:21]} {[%emt 00:04:06]} Qc7 {[%clk 01:11:59]} {[%emt 00:00:21]} 10.
e4 {[%clk 01:25:34]} {[%emt 00:00:17]} dxe4 {[%clk 01:10:23]} {[%emt 00:02:07]}
11. dxe4 {[%clk 01:25:54]} {[%emt 00:00:09]} Rd8 {[%clk 01:10:04]} {[%emt
00:00:48]} 12. Qe2 {[%clk 01:25:52]} {[%emt 00:00:33]} O-O {[%clk 01:00:52]}
{[%emt 00:09:42]} 13. a4 {[%clk 01:24:56]} {[%emt 00:01:25]} Nb8 {[%clk
00:47:45]} {[%emt 00:13:38]} 14. g4 {[%clk 01:20:29]} {[%emt 00:04:56]} Bg6
{[%clk 00:46:29]} {[%emt 00:01:47]} 15. Ne5 {[%clk 01:20:43]} {[%emt 00:00:14]}
Nc6 {[%clk 00:40:04]} {[%emt 00:06:56]} 16. Nxc6 {[%clk 01:12:18]} {[%emt
00:08:56]} Qxc6 {[%clk 00:39:46]} {[%emt 00:00:48]} 17. Nc4 {[%clk 01:00:11]}
{[%emt 00:12:36]} Qa6 {[%clk 00:27:49]} {[%emt 00:12:27]} 18. f4 {[%clk
00:58:30]} {[%emt 00:02:11]} h6 {[%clk 00:27:41]} {[%emt 00:00:39]} 19. f5
{[%clk 00:58:34]} {[%emt 00:00:25]} Bh7 {[%clk 00:27:49]} {[%emt 00:00:22]} 20.
e5 {[%clk 00:58:31]} {[%emt 00:00:33]} Nd5 {[%clk 00:26:10]} {[%emt 00:02:09]}
21. f6 {[%clk 00:58:23]} {[%emt 00:00:38]} gxf6 {[%clk 00:26:26]} {[%emt
00:00:15]} 22. exf6 {[%clk 00:58:47]} {[%emt 00:00:05]} Bd6 {[%clk 00:26:18]}
{[%emt 00:00:39]} 23. Qd2 {[%clk 00:59:10]} {[%emt 00:00:06]} Rfe8 {[%clk
00:25:02]} {[%emt 00:01:47]} 24. Qxh6 {[%clk 00:55:53]} {[%emt 00:03:47]} Bf8
{[%clk 00:25:24]} {[%emt 00:00:07]} 25. Qg5+ {[%clk 00:56:20]} {[%emt
00:00:04]} Kh8 {[%clk 00:25:44]} {[%emt 00:00:10]} 26. Ne5 {[%clk 00:56:37]}
{[%emt 00:00:12]} Qe2 {[%clk 00:24:19]} {[%emt 00:01:56]} 27. Nxf7# {[%clk
00:57:00]} {[%emt 00:00:06]} 1-0